00459nam a2200121Ia 4500008004100000020001400041245007000055260003700125300001700162650002400179999001900203952011500222180309s9999 xx 000 0 und d a877799040 4aThe merriam-webster dictionary of qoutations :ba merriam-webster aUSA :b1992cMerriam Webster pub av, 501 pages aQuotations, English c356104d356104 001040aCLbCLcREFd2018-03-13eDonationl0oPN 6081 .M568 1992pc21337r2018-05-15 00:00:00w2018-03-13yBK